000 nam a22 a 4500
999 _c424285
_d424285
003 BLK
005 20210719165154.0
008 210719b bul|||||r ||||||| ||bul||
040 _aBLK
041 _aBUL
_cBUL
072 _9178367
_aЦ
_xРедки и ценни
080 _aБългарска литература
_b821.163.2
_x-32
_z821.163.2-32
100 _aСтанчев, Господин
_eпърви автор
_9460132
139 _aСтанчев, Господин
245 1 0 _aМалкий затворник
_bРазказ
_cГосподин Станчев
257 _aBGR
260 _aСт. Загора
_c1898
_fСт. Загора: Светлина
300 _a36 с.
_c19 см
380 _aX
490 _9435080
_aКолекция Редки и ценни издания
500 _a1000 тир.
659 7 _9178164
_aЦ
_xРедки и ценни
852 _aРб 898
_bРц
856 4 _qpdf
_u
856 4 _qpdf
_u
942 _cKNG
_n0
_s1
944 _aCR
_c2021-07-19
_kА.М.
999 _d424285
999 _d509434